Statistiques concernant Capitales sans l,n,r,s,t

Cliquez ici pour prendre le quiz!

Statistiques générales

  • Ce quiz a été pris 56 fois
  • Le résultat moyen est 8 sur 15

Statistiques - réponses

ContinentCapitale% Correct
EuropeKiev
77%
Amérique du NordMexico
72%
EuropeVaduz
67%
AsieBagdad
65%
AsieDoha
60%
AsieBakou
58%
AfriqueBamako
53%
AsieDacca
51%
AfriqueOuagadougou
51%
OcéanieApia
49%
AsieBichkek
49%
AfriqueDodoma
47%
AfriqueAbuja
42%
AsieAbu Dhabi
40%
AfriqueDjouba
33%

Distribution des résultats

Percentile par nombre de réponses

% des personnes avec chaque résultat

Votre développement - résultats

Vous n’avez pas pris ce quiz